000 00472nam a2200181Ia 4500
001 17972
003 IN-NITTTR
005 20251114233210.0
008 251113s9999||||xx |||||||||||||| ||eng||
040 _beng
040 _cIN-NITTTR
041 _aeng
082 _a371.3078 G94
100 _aHorn, Robert E.
245 4 _aThe guide to simulations / games for education and training. /
_cHorn, Robert E., Cleaves, Anne
700 _a Cleaves, Anne
942 _2ddc
_cBK
999 _c20606
_d20606